Statistics for Daily Country Riddle #78

Click here to take the quiz!

General Stats

  • This quiz has been taken 84 times
    (77 since last reset)
  • The average score is 11 of 13

Answer Stats

TypeAnswer% Correct
Found LetterE
97%
Found LetterR
94%
Correctly Placed LetterE
90%
Correctly Placed LetterR
89%
Found LetterC
87%
Found LetterE
87%
Correctly Placed LetterC
85%
Correctly Placed LetterE
82%
Correctly Placed LetterG
82%
Found LetterG
82%
Correctly Placed LetterE
81%
Found LetterE
81%
Mystery CountryGreece
81%

Score Distribution

Percentile by Number Answered

Percent of People with Each Score

Your Score History

You have not taken this quiz since the last reset